[Event "DEN-chT 1112 50th"]
[Site "Denmark"]
[Date "2012.03.10"]
[Round "8.8"]
[White "Sorensen, Torben Kyhl"]
[Black "Stojanovski, Sandi"]
[Result "0-1"]
[WhiteElo "2237"]
[BlackElo "2232"]
[PlyCount "74"]
[EventDate "2011.10.29"]
[EventType "team-tourn"]
[EventRounds "9"]
[EventCountry "DEN"]
[SourceTitle "EXT 2013"]
[Source "ChessBase"]
[SourceDate "2012.11.22"]
[SourceVersion "1"]
[SourceVersionDate "2012.11.22"]
[SourceQuality "1"]
[WhiteTeam "Copenhagen 68"]
[BlackTeam "Valby K41"]
[WhiteTeamCountry "DEN"]
[BlackTeamCountry "DEN"]

1. e4 c5 2. c3 d5 3. exd5 Qxd5 4. d4 e6 5. Nf3 Nf6 6. Bb5+ Bd7 7. Bxd7+ Nbxd7 8. 0-0 Be7 9. Qa4 0-0 10. c4 Qh5 11. Be3 cxd4 12. Bxd4 e5 13. Bc3 e4 14. Nd4 Bd6 15. h3 Qe5 16. g3 Qg5 17. Kg2 h5 18. h4 Qg6 19. Qc2 Nc5 20. Na3 Ng4 21. Qe2 Nd3 22. f4 f5 23. Nab5 Bb8 24. Bd2 Rd8 25. Nc2 a6 26. Nc3 Nf6 27. b3 Kh7 28. Kh3 Bc7 29. Ne3 Ba5 30. Ncd5 Bxd2 31. Qxd2 Nxd5 32. Nxd5 b5 33. Qe2 bxc4 34. bxc4 Qg4+ 35. Qxg4 fxg4+ 36. Kg2 Rac8 37. Rac1 Nxc1 0-1

[Event "DEN-chT 1112 50th"]
[Site "Denmark"]
[Date "2012.01.14"]
[Round "4.8"]
[White "Sorensen, Torben Kyhl"]
[Black "Haubro, Sigfred"]
[Result "1/2-1/2"]
[WhiteElo "2237"]
[BlackElo "2109"]
[PlyCount "58"]
[EventDate "2011.10.29"]
[EventType "team-tourn"]
[EventRounds "9"]
[EventCountry "DEN"]
[SourceTitle "EXT 2013"]
[Source "ChessBase"]
[SourceDate "2012.11.22"]
[SourceVersion "1"]
[SourceVersionDate "2012.11.22"]
[SourceQuality "1"]
[WhiteTeam "Copenhagen 68"]
[BlackTeam "BMS"]
[WhiteTeamCountry "DEN"]
[BlackTeamCountry "DEN"]

1. e4 d5 2. exd5 Qxd5 3. Nc3 Qa5 4. Bc4 Nf6 5. Nge2 c6 6. a3 g6 7. b4 Qd8 8. Bb2 Bg7 9. Ne4 0-0 10. Nxf6+ exf6 11. 0-0 Nd7 12. Bb3 f5 13. Bxg7 Kxg7 14. d4 Nf6 15. c4 a5 16. Nf4 Qd6 17. Qd2 Rd8 18. d5 axb4 19. axb4 Rxa1 20. Rxa1 cxd5 21. Nxd5 Nxd5 22. cxd5 Qf6 23. Rc1 f4 24. Rc7 Be6 25. h3 f3 26. Qc3 Bxd5 27. Qxf6+ Kxf6 28. Bxd5 Rxd5 29. Rxb7 fxg2 1/2-1/2

[Event "DEN-chT 1112 50th"]
[Site "Denmark"]
[Date "2011.10.30"]
[Round "2.8"]
[White "Rathlev, Jakob"]
[Black "Sorensen, Torben Kyhl"]
[Result "1-0"]
[WhiteElo "2251"]
[BlackElo "2237"]
[PlyCount "81"]
[EventDate "2011.10.29"]
[EventType "team-tourn"]
[EventRounds "9"]
[EventCountry "DEN"]
[SourceTitle "EXT 2012"]
[Source "ChessBase"]
[SourceDate "2011.11.24"]
[SourceVersion "1"]
[SourceVersionDate "2011.11.24"]
[SourceQuality "1"]
[WhiteTeam "Jetsmark"]
[BlackTeam "Copenhagen 68"]
[WhiteTeamCountry "DEN"]
[BlackTeamCountry "DEN"]

1. Nf3 Nf6 2. g3 g6 3. Bg2 Bg7 4. c4 0-0 5. Nc3 d6 6. 0-0 Nc6 7. d3 e5 8. e4 a5 9. h3 Nh5 10. Nd5 Ne7 11. d4 c6 12. Nc3 f5 13. exf5 gxf5 14. dxe5 dxe5 15. Bg5 Qxd1 16. Raxd1 Ng6 17. Na4 Be6 18. b3 h6 19. Nc5 Bf7 20. Bc1 b5 21. Nd7 Rfe8 22. c5 Rad8 23. Rd6 Be6 24. Rfd1 Kh7 25. Nf8+ Bxf8 26. Rxd8 Rxd8 27. Rxd8 Bxc5 28. Kf1 a4 29. Bb2 axb3 30. axb3 e4 31. Nd4 Bd5 32. Nxf5 Nf8 33. Nd6 e3 34. Bxd5 cxd5 35. Rxf8 Bxd6 36. Rf5 Kg6 37. Rxd5 Bc7 38. Rc5 Bd8 39. Rxb5 exf2 40. Kxf2 Bc7 41. Be5 1-0

[Event "DEN-ch cand"]
[Site "Odense"]
[Date "2011.04.25"]
[Round "7"]
[White "Aabling Thomsen, Jakob"]
[Black "Sorensen, Torben Kyhl"]
[Result "0-1"]
[WhiteElo "2326"]
[BlackElo "2240"]
[PlyCount "106"]
[EventDate "2011.04.19"]
[EventType "swiss"]
[EventRounds "7"]
[EventCountry "DEN"]
[SourceTitle "EXT 2018"]
[Source "ChessBase"]
[SourceDate "2017.10.13"]
[SourceVersion "1"]
[SourceVersionDate "2017.10.13"]
[SourceQuality "1"]

1. e4 c5 2. Nf3 Nc6 3. Nc3 Nf6 4. e5 Ng4 5. Qe2 Qc7 6. Nb5 Qb8 7. d4 a6 8. h3 Ngxe5 9. dxe5 axb5 10. Bf4 e6 11. Qxb5 d5 12. exd6 Bxd6 13. Bxd6 Qxd6 14. Rd1 Qe7 15. Bc4 0-0 16. 0-0 Na5 17. Bd3 Qc7 18. b3 b6 19. Qa4 Bb7 20. Bxh7+ Kxh7 21. Qh4+ Kg8 22. Ng5 Rfd8 23. Rde1 Qc6 24. Re4 Rd4 25. Rfe1 Rxe4 26. Rxe4 Qd5 27. Kh2 Qf5 28. Rf4 Qg6 29. Rxf7 Be4 30. Re7 Bf5 31. g4 Qh6 32. Qxh6 gxh6 33. Nxe6 Bxc2 34. f4 Nc6 35. Rc7 Rxa2 36. Kg3 Nd4 37. Ng7 Bxb3 38. Nh5 Bf7 39. Nf6+ Kg7 40. Nh5+ Kf8 41. Rc8+ Be8 42. f5 Re2 43. h4 Ke7 44. Ng7 Re3+ 45. Kf4 Rf3+ 46. Ke5 Bd7 47. Rh8 Kf7 48. Rxh6 Kxg7 49. Rxb6 Bxf5 50. gxf5 Rxf5+ 51. Ke4 Rh5 52. Kd3 Kf7 53. Kc4 Ne6 0-1

[Event "DEN-ch cand"]
[Site "Odense"]
[Date "2011.04.24"]
[Round "6"]
[White "Sorensen, Torben Kyhl"]
[Black "Kwapinski, Leszek"]
[Result "1-0"]
[WhiteElo "2240"]
[BlackElo "2028"]
[PlyCount "71"]
[EventDate "2011.04.19"]
[EventType "swiss"]
[EventRounds "7"]
[EventCountry "DEN"]
[SourceTitle "EXT 2018"]
[Source "ChessBase"]
[SourceDate "2017.10.13"]
[SourceVersion "1"]
[SourceVersionDate "2017.10.13"]
[SourceQuality "1"]

1. e4 c5 2. Nc3 Nc6 3. g3 g6 4. Bg2 Bg7 5. d3 d6 6. f4 e6 7. Nf3 Nge7 8. 0-0 0-0 9. Be3 Nd4 10. Nd2 Rb8 11. Ncb1 b5 12. c3 Ndc6 13. Nf3 b4 14. d4 bxc3 15. bxc3 cxd4 16. cxd4 d5 17. e5 Ba6 18. Re1 Qa5 19. Nbd2 Nf5 20. Nb3 Qa3 21. Bc1 Qb4 22. g4 Nfe7 23. Nc5 Bb5 24. a4 Bc4 25. Nd7 Bb3 26. Qd2 Bxa4 27. Nxb8 Rxb8 28. Qxb4 Rxb4 29. Ba3 Rc4 30. Bf1 Rc3 31. Bxe7 Rxf3 32. Bc5 Rxf4 33. Rxa4 Bxe5 34. Kh1 Rxg4 35. Bb5 Rxd4 36. Bxc6 1-0

[Event "DEN-ch M5 Gr2 "]
[Site "Koge"]
[Date "2005.??.??"]
[Round "4"]
[White "Moller, Henning"]
[Black "Sorensen, Torben Kyhl"]
[Result "1/2-1/2"]
[WhiteElo "1922"]
[BlackElo "1902"]
[PlyCount "50"]
[EventDate "2005.??.??"]
[EventType "swiss"]
[EventRounds "5"]
[EventCountry "DEN"]
[SourceTitle "EXT 2023"]
[Source "ChessBase"]
[SourceDate "2022.10.05"]
[SourceVersion "1"]
[SourceVersionDate "2022.10.05"]
[SourceQuality "1"]

1. d4 Nf6 2. c4 g6 3. Nc3 d5 4. Bf4 Bg7 5. e3 0-0 6. Rc1 c6 7. Nf3 Qa5 8. Qd2 Bg4 9. Ne5 Bf5 10. Bd3 Bxd3 11. Qxd3 Nfd7 12. Nxd7 Nxd7 13. cxd5 cxd5 14. Qb5 Qxb5 15. Nxb5 e5 16. dxe5 Nxe5 17. Bxe5 Bxe5 18. Nd4 Bxd4 19. exd4 Rfe8+ 20. Kd2 Re4 21. Kd3 Rae8 22. Rc2 R8e6 23. Rd1 Rb6 24. f3 Re7 25. Rdd2 Kf8 1/2-1/2